Ḥaqā'iq al-Islām wa-abāṭīl khuṣūmih /

محفوظ في:

المؤلف الرئيسي: ʿAqqād, ʿAbbās Maḥmūd, 1889-1964 (مؤلف)

التنسيق: كتاب

اللغة: Arabic

منشور في: al-Qāhirah : Dār al-Qalam, 1962.

الطبعة: al-Ṭabʻah 2.

سلاسل: al-Muʼtamar al-Islāmī.

الموضوعات:

الوسوم: إضافة وسم

لا توجد وسوم, كن أول من يضع وسما على هذه التسجيلة!

رقم الطلب: BP161.2 .A6 1962

LEADER 01220nam a2200277Ia 4500
003 OSt
005 20230123093354.0
008 130303s1962 ua g 000 0 ara d
952 |0 0  |1 0  |2 lcc  |4 0  |6 BP01612 A6 01962  |7 1  |9 45363  |a ARCE  |b ARCE  |d 2023-01-23  |l 0  |o BP161.2 .A6 1962  |p 1029857  |r 2023-01-23 00:00:00  |w 2023-01-23  |y BK 
999 |c 27666  |d 27666 
010 |a ne 63001351 
040 |c ARCE Library 
050 4 |a BP161.2 .A6 1962 
100 1 |6 880-01  |a ʿAqqād, ʿAbbās Maḥmūd,  |d 1889-1964,  |e author 
245 1 0 |6 880-02  |a Ḥaqā'iq al-Islām wa-abāṭīl khuṣūmih /   |c bi-qalam ʻAbbās Maḥmūd al-ʻAqqād. 
250 |a al-Ṭabʻah 2. 
264 1 |a al-Qāhirah :   |b Dār al-Qalam,   |c 1962. 
300 |a 282 pages ;  |c 24 cm. 
490 0 |a al-Muʼtamar al-Islāmī. 
500 |a At head of t.p.: al-Muʼtamar al-Islāmī. 
500 |a Romanized. 
650 0 |a Islam. 
880 1 |6 100-01/(3/r  |a عقاد، عباس محمود،‪‪‪‪‪‪‪‪‪‪‪‪‪‪‪‪‪‪‪  |d 1889-1964. 
880 1 0 |6 245-02/(3/r  |a حقائق الإسلام و أباطيل خصومه   |c بقلم عباس محمود العقاد.‪‪‪‪‪‪‪‪‪‪‪‪‪‪‪‪‪‪‪ 
901 |a reviewed 
942 |c BK  |2 lcc